书目信息 |
| 题名: |
连锁药店新风口
|
|
| 作者: | ;动脉网蛋壳研究院 著 ;考拉看看 主编 | |
| 分册: | ||
| 出版信息: | 沈阳 沈阳出版社 2020.08 |
|
| 页数: | 220页 | |
| 开本: | 24cm | |
| 丛书名: | 未来医疗系列丛书 | |
| 单 册: | ||
| 中图分类: | F717.6 | |
| 科图分类: | ||
| 主题词: | 药品--yao pin--连锁店--商业经营 | |
| 电子资源: | ||
| ISBN: | 978-7-5716-1044-9 | |
| 000 | 01388nam 2200313 450 | |
| 001 | CAL 010595531 | |
| 005 | 20230217093113.0 | |
| 010 | @a978-7-5716-1044-9@dCNY68.00 | |
| 100 | @a20220415d2020 em y0chiy0120 ea | |
| 101 | 0 | @achi |
| 102 | @aCN@b210000 | |
| 105 | @aak z 000yy | |
| 106 | @ar | |
| 200 | 1 | @a连锁药店新风口@Alian suo yao dian xin feng kou@e资本 智能 大数据@f动脉网蛋壳研究院著@g考拉看看主编 |
| 210 | @a沈阳@c沈阳出版社@d2020.08 | |
| 215 | @a220页@c图@d24cm | |
| 225 | 2 | @a未来医疗系列丛书@Awei lai yi liao xi lie cong shu |
| 300 | @a识干家 | |
| 312 | @a英文题名取自封面 | |
| 330 | @a本书分析了连锁药店崛起的原因, 阐述了药店连锁率和行业集中度在政策驱动、资本介入、规模化竞争等因素影响下的进一步提升。系统的总结分析了美国药店零售寡头企业CVS Health在转型与发展中的重要举措和方法, 以及对中国的大型药品零售连锁企业转型与发展的启示。本书还对我国连锁药店的市场环境、行业现状等进行分析, 给出对连锁药店未来发展趋势的预判。 | |
| 410 | 0 | @12001 @a未来医疗系列丛书 |
| 510 | 1 | @aNew outlets of chain drugstores: capital intelligence big data@zeng |
| 517 | 1 | @a资本 智能 大数据@Azi ben zhi neng da shu ju |
| 606 | 0 | @a药品@Ayao pin@x连锁店@x商业经营 |
| 690 | @aF717.6@v5 | |
| 711 | 02 | @a动脉网蛋壳研究院@Adong mai wang dan ke yan jiu yuan@4著 |
| 712 | 02 | @a考拉看看@Akao la kan kan@4主编 |
| 801 | 0 | @aCN@bBJXHZP@c20230228 |
| 905 | @b1387155-8@dF717.6@e1355@f4 | |
| 连锁药店新风口:资本 智能 大数据/动脉网蛋壳研究院著/考拉看看主编.-沈阳:沈阳出版社,2020.08 |
| 220页:图;24cm.-(未来医疗系列丛书) |
| 识干家 |
| ISBN 978-7-5716-1044-9:CNY68.00 |
| 本书分析了连锁药店崛起的原因, 阐述了药店连锁率和行业集中度在政策驱动、资本介入、规模化竞争等因素影响下的进一步提升。系统的总结分析了美国药店零售寡头企业CVS Health在转型与发展中的重要举措和方法, 以及对中国的大型药品零售连锁企业转型与发展的启示。本书还对我国连锁药店的市场环境、行业现状等进行分析, 给出对连锁药店未来发展趋势的预判。 |
| ● |
| 相关链接 |
|
|
|
|
正题名:连锁药店新风口
索取号:F717.6/1355
 
预约/预借
| 序号 | 登录号 | 条形码 | 馆藏地/架位号 | 状态 | 备注 |
| 1 | 1387155 | 213871559 | 第一样本阅览室/ [索取号:F717.6/1355] | 在馆 | |
| 2 | 1387156 | 213871568 | 第一借阅区/ [索取号:F717.6/1355] | 在馆 | |
| 3 | 1387157 | 213871577 | 第一借阅区/ [索取号:F717.6/1355] | 在馆 | |
| 4 | 1387158 | 213871586 | 第一借阅区/ [索取号:F717.6/1355] | 在馆 |